Etiqueta de registo: 00254nam 2200025 450
001 2284940
003 http://id.bnportugal.gov.pt/bib/catbnp/2284940
010 ## $a978-989-679-948-9
021 ## $aPT$b500711/22
100 ## $a20260421d2023 c y0pory01030103ba
101 1# $apor$ceng
102 ## $aPT
105 ## $aa z 000fy
106 ## $ar
200 1# $a O meu guarda-chuva$fEmily Ann Davison$gil. Momoko Abe$gtrad. Carina Mariais
205 ## $a1ª ed
210 #9 $aLisboa$cEdicare,$d2023
215 ## $a[28] p.$cil.$d27 cm
675 ## $a087.5$vBN$zpor$3287999
675 ## $a821.111-93"20"$vBN$zpor$31119373
700 #1 $aDavison,$bEmily Ann$31996490
701 #1 $aAbe,$bMomoko$4440$31996491
702 #1 $aMariais,$bCarina$4730$31905958
801 #0 $aPT$bBN$gRPC
966 ## $lBN$mFGMON$sP. 72882 V.$x1
966 ## $lBN$mFGMON$sP. 72882 V.-D$x1
971 ## $cssilva$d20260421
973 ## $cigoulao$d20260601